000 00341nam a2200157Ia 4500
003 Ost
005 20260225132537.0
008 260225s9999||||xx |||||||||||||| ||und||
040 _cfsic
041 _afre
082 _a302.224
100 _aClaude chabrol
_eAuteur
245 0 _aLe secret /
245 0 _cClaude chabrol
942 _cكتاب
999 _c33297
_d33297